[Event "Summer Leisure 2010: 1400-2000"]
[Site "SchemingMind.com"]
[Date "2010.08.09"]
[Round "-"]
[White "mmccaffe"]
[Black "abdre1"]
[Result "1/2-1/2"]
[WhiteCountry "USA"]
[BlackCountry "USA"]
[WhiteElo "1771"]
[WhiteRD "52"]
[BlackElo "1798"]
[BlackRD "104"]
[GameID "256963"]

1. c4 f5 2. Nc3 Nf6 3. d4 e6 4. e3 d5 5. Nf3 b6 6. cxd5 exd5 7. Be2 Bb7 8. O-O Nbd7 9. b3 c6 10. Qc2 g6
11. Bb2 Bd6 12. Nd2 Qe7 13. Rae1 O-O-O 14. a4 Ne4 15. Ndxe4 fxe4 16. Nxd5 Qe6 17. Nc3 Kb8 18. Nxe4 Qf5 19. Bd3 Bb4 20. Rc1 Qd5
21. Bc4 Qf5 22. d5 cxd5 23. Bxh8 Rxh8 24. Bb5 Nc5 25. Nxc5 Bxc5 26. Qxf5 gxf5 27. Bd3 Bc8 28. Rc2 Bd7 29. Rb1 a5 30. Rd1 Be6
31. Rdc1 Rc8 32. Ba6 Rc7 33. Bd3 Bd6 34. Rc6 Kb7 35. Bb5 f4 36. Rxc7+ Bxc7 37. Bc6+ Kb8 38. Rd1 d4 39. Rxd4 fxe3 40. fxe3 Bxb3
41. Rd7 Bc2 42. Re7 Bd6 43. Rb7+ Kc8 44. Rxb6 Bc5 45. Kf2 Bxb6 46. Bb5 Bc7 47. h3 Be4 48. Be8 Be5 49. Bb5= Kc7 50. Be8 h6
51. Bb5 Bf6=
1/2-1/2

[Event "Summer Leisure 2010: 1400-2000"]
[Site "SchemingMind.com"]
[Date "2010.08.08"]
[Round "-"]
[White "Eden"]
[Black "abdre1"]
[Result "0-1"]
[WhiteCountry "CZE"]
[BlackCountry "USA"]
[WhiteElo "1633"]
[WhiteRD "75"]
[BlackElo "1758"]
[BlackRD "108"]
[GameID "256964"]

1. e4 d5 2. Qf3 e6 3. Nh3 b6 4. d3 Bb7 5. e5 f6 6. Nf4 Qe7 7. c4 fxe5 8. Qh5+ Kd7 9. Qxe5 Qd6 10. Qh5 Ne7
11. b3 d4 12. f3 e5 13. Qg4+ Ke8 14. Na3 a6 15. Ne6 Ng6 16. Nxf8 Rxf8 17. Nc2 Nd7 18. Ba3 c5 19. b4 Rf4 20. Qg5 Nf6
21. Be2 Kd7 22. g3 Bxf3 23. Bxf3 Rxf3 24. Ke2 e4 25. dxe4 Rxa3 26. Nxa3 Re8 27. Qf5+ Qe6 28. Qxe6+ Rxe6 29. bxc5 bxc5 30. Kf3 Ne5+
31. Kf4 Nh5+ 32. Kg5 g6 33. g4 Nf3+ 34. Kh6 Nf6 35. g5 Nxe4 36. Kxh7 Nexg5+ 37. Kh6 Rd6 38. Raf1 Rf6 39. h4 Ne4 40. Rh3 g5+
41. Kh5 Ned2 42. hxg5 Nxg5 43. Rxf6 Nxh3 44. Kg4 Ke7 45. Rf5 Ke6 46. Rxc5 Nf2+ 47. Kf4 Nd3+ 48. Kg3 Nxc5 49. Kf2 Nde4+ 50. Kf3 d3
51. Ke3 d2 52. Ke2 Nd3 53. Nb1 Nc1+ 54. Kd1 Nxa2 55. Nxd2 Nxd2 56. Kxd2 Kd6 57. Kc2 Nb4+ 58. Kb3 Kc5 59. Kc3 Nc6 60. Kb3 Na5+
61. Ka4 Nxc4 62. Kb3 Kb5
0-1

[Event "Summer Leisure 2010: 1400-2000"]
[Site "SchemingMind.com"]
[Date "2010.08.08"]
[Round "-"]
[White "PeterLiberty"]
[Black "abdre1"]
[Result "0-1"]
[WhiteCountry "USA"]
[BlackCountry "USA"]
[WhiteElo "1476"]
[WhiteRD "61"]
[BlackElo "1667"]
[BlackRD "113"]
[GameID "256966"]

1. e4 d5 2. exd5 Qxd5 3. Nc3 Qd6 4. d4 Nf6 5. Nf3 b6 6. Be2 Bb7 7. Bg5 Nbd7 8. O-O O-O-O 9. Bc4 h6 10. Bh4 e6
11. Bxf6 gxf6 12. Qd3 f5 13. Ne5 Nxe5 14. dxe5 Qxe5 15. Qh3 Rd4 16. Bb3 Bg7 17. Rad1 Ba6 18. Rxd4 Bxf1 19. Qe3 Qxd4 20. Qxd4 Bxd4
21. Kxf1 Bxc3 22. bxc3 h5 23. h4 f4 24. c4 e5 25. c3 f5 26. Bc2 e4 27. f3 e3 28. Bxf5+ Kb8 29. Ke2 Rd8 30. Be4 Rd2+
0-1